Bước đầu tìm hiểu những giá trị văn hóa chính trị truyền thống Việt Nam Sách chuyên khảo
Sách có 11 chuyên đề, nêu và phân tích những giá trị văn hóa chính trị truyền thống Việt Nam cốt lõi và tiêu biểu nhất của lịch sử tư tưởng chính trị truyền thống Việt Nam.; TM tài liệu tham khảo tr.217-222; LS113...
Na minha lista:
| Autor principal: | |
|---|---|
| Outros Autores: | |
| Formato: | Livro |
| Idioma: | Undetermined |
| Publicado em: |
H.
Chính trị quốc gia
2009
|
| Assuntos: | |
| Acesso em linha: | http://lrc.tdmu.edu.vn/opac/search/detail.asp?aID=2&ID=14582 |
| Tags: |
Adicionar Tag
Sem tags, seja o primeiro a adicionar uma tag!
|
| Thư viện lưu trữ: | Trung tâm Học liệu Trường Đại học Thủ Dầu Một |
|---|
| LEADER | 01278nam a2200229Ia 4500 | ||
|---|---|---|---|
| 001 | TDMU_14582 | ||
| 008 | 210410s9999 xx 000 0 und d | ||
| 082 | |a 306.209597 | ||
| 090 | |b NG527 | ||
| 100 | |a Nguyễn, Văn Huyên | ||
| 245 | 0 | |a Bước đầu tìm hiểu những giá trị văn hóa chính trị truyền thống Việt Nam | |
| 245 | 0 | |b Sách chuyên khảo | |
| 245 | 0 | |c GS.TS. Nguyễn Văn Huyên, TS. Nguyễn Hoài Văn, PGS.TS. Nguyễn Văn Vĩnh | |
| 260 | |a H. | ||
| 260 | |b Chính trị quốc gia | ||
| 260 | |c 2009 | ||
| 300 | |a 223tr. | ||
| 520 | |a Sách có 11 chuyên đề, nêu và phân tích những giá trị văn hóa chính trị truyền thống Việt Nam cốt lõi và tiêu biểu nhất của lịch sử tư tưởng chính trị truyền thống Việt Nam.; TM tài liệu tham khảo tr.217-222; LS113 |d Lịch sử văn hóa văn minh Việt Nam | ||
| 650 | |a Văn hóa chính trị |z Việt Nam; Tư tưởng chính trị |z Việt Nam | ||
| 700 | |a Nguyễn, Hoài Văn | ||
| 856 | |u http://lrc.tdmu.edu.vn/opac/search/detail.asp?aID=2&ID=14582 | ||
| 980 | |a Trung tâm Học liệu Trường Đại học Thủ Dầu Một | ||